Art škôlka - lokalita Veľký Draždiak v Bratislave

Na minha lista:
Detalhes bibliográficos
Autor principal: Krajč, Filip (Author)
Outros Autores: Polomová, Beata (Thesis advisor)
Formato: Manuscrito Livro
Idioma:eslovaco
Publicado em: Bratislava 2017
Assuntos:
Acesso em linha:http://is.stuba.sk/zp/portal_zp.pl?podrobnosti=111639
Tags: Adicionar Tag
Sem tags, seja o primeiro a adicionar uma tag!

MARC

LEADER 00000ntm a22000003a 4500
001 stuzp63820
003 SK-STU
005 20210201083924.3
007 ta
008 150427s2015----xo-----f-mn---000-0-slo-d
040 |a STU  |b slo 
041 0 |a slo 
100 1 |a Krajč, Filip  |u 053130  |4 aut  |U FAD Fakulta architektúry  |T FA Ústav dejín a teórie architektúry a obnovy pamiatok  |X 65338  |U A3130  |Y 394  |7 65338 
242 0 1 |a Art kindergarten - location Veľký Draždiak, Bratislava  |y eng 
245 1 0 |a Art škôlka - lokalita Veľký Draždiak v Bratislave 
260 |c 2017  |a Bratislava 
650 4 |a škôlka  |2 slo 
650 4 |a materská škola  |2 slo 
650 4 |a modelácia terénu  |2 slo 
650 4 |a dvojitá vegetačná fasáda  |2 slo 
650 4 |a umelecká  |2 slo 
650 4 |a Kindergarten  |2 eng 
650 4 |a nursery garden  |2 eng 
650 4 |a landscape modeling  |2 eng 
650 4 |a double skin vegetative facade  |2 eng 
650 4 |a art  |2 eng 
700 1 |a Polomová, Beata  |u 053130  |k Z1  |4 ths  |U FAD Fakulta architektúry  |T FA Ústav dejín a teórie architektúry a obnovy pamiatok  |X 4781  |U A3130  |Y 394  |7 A000004781 
856 4 |u http://is.stuba.sk/zp/portal_zp.pl?podrobnosti=111639  |u https://opac.crzp.sk/?fn=detailBiblioForm&sid=85D30AFD358849054394BE4E20A9